[Event "Bamberg-Open 2019"]
[Site "Bamberg"]
[Date "2019.06.01"]
[Round "5.19"]
[White "Boehme, Sebastian"]
[Black "Kolb, Tobias"]
[Result "0-1"]
[WhiteElo "2103"]
[BlackElo "1915"]
[Annotator "ChessBase"]
[PlyCount "92"]
[EventDate "2019.05.12"]
[EventType "swiss"]
[EventCountry "GER"]
[SourceTitle "playchess.com"]
[Source "ChessBase"]
[SourceQuality "1"]
[TimeControl "40/5400+30:900+30"]

1. d4 {[%emt 0:00:00]} d5 {[%emt 0:00:00]} 2. Bf4 {[%emt 0:00:00]} Nf6 {[%emt 0:00:00]} 3. e3 {[%emt 0:00:39]} e6 {[%emt 0:01:42]} 4. Nd2 {[%emt 0:00:24]} c5 {[%emt 0:00:56]} 5. c3 {[%emt 0:00:10]} Nc6 {[%emt 0:01:42]} 6. Ngf3 {[%emt 0:03:17]} Bd6 {[%emt 0:04:08]} 7. Bg3 {[%emt 0:00:37]} O-O {[%emt 0:00:45]} 8. Bd3 {[%emt 0:02:11]} cxd4 {[%emt 0:07:17]} 9. exd4 {[%emt 0:01:23]} Qc7 {[%emt 0:02:22]} 10. Qe2 {[%emt 0:09:15]} a6 {[%emt 0:23:55]} 11. Ne5 {[%emt 0:03:02]} b5 {[%emt 0:08:20]} 12. f4 {[%emt 0:05:27]} g6 {[%emt 0:07:22]} 13. Bh4 {[%emt 0:05:05]} Nh5 {[%emt 0:01:03]} 14. O-O {[%emt 0:00:55]} Be7 {[%emt 0:11:52]} 15. Bxe7 {[%emt 0:05:15]} Nxe7 {[%emt 0:00:21]} 16. g4 {[%emt 0:01:35]} Ng7 {[%emt 0:03:37]} 17. Qe3 {[%emt 0:11:43]} f6 {[%emt 0:02:26]} 18. Nef3 {[%emt 0:00:18]} Bd7 {[%emt 0:01:38]} 19. Nb3 {[%emt 0:02:28]} Nc8 {[%emt 0:03:23]} 20. Nc5 {[%emt 0:02:20]} Nd6 {[%emt 0:00:13]} 21. b3 {[%emt 0:04:19]} Nb7 {[%emt 0:01:40]} 22. Nxb7 {[%emt 0:07:16]} Qxb7 {[%emt 0:00:02]} 23. g5 {[%emt 0:02:13]} Nh5 {[%emt 0:03:45]} 24. Be2 {[%emt 0:03:21]} Qc7 {[%emt 0:01:08]} 25. Nd2 {[%emt 0:06:15]} Ng7 {[%emt 0:01:52]} 26. Bg4 {[%emt 0:01:47]} fxg5 {[%emt 0:01:29]} 27. fxg5 {[%emt 0:00:07]} Nf5 {[%emt 0:00:07]} 28. Bxf5 {[%emt 0:00:21]} Rxf5 {[%emt 0:00:08]} 29. Rxf5 {[%emt 0:00:36]} exf5 {[%emt 0:00:01]} 30. Nf3 {[%emt 0:04:06]} Rc8 {[%emt 0:04:12]} 31. Ne5 {[%emt 0:00:52]} Be8 {[%emt 0:01:56]} 32. Rc1 {[%emt 0:01:01]} Bf7 {[%emt 0:00:08]} 33. Kf2 {[%emt 0:05:54]} Qa5 {[%emt 0:01:45]} 34. Nxf7 {[%emt 0:02:27]} Kxf7 {[%emt 0:00:02]} 35. Re1 {[%emt 0:02:44]} Qxc3 {[%emt 0:01:12]} 36. Qe6+ {[%emt 0:01:16]} Kg7 {[%emt 0:00:34]} 37. Qd7+ {[%emt 0:01:14]} Kh8 {[%emt 0:02:39]} 38. Re3 {[%emt 0:03:42]} Qd2+ {[%emt 0:00:51]} 39. Kf3 {[%emt 0:00:08]} Qd1+ {[%emt 0:00:14]} 40. Re2 {[%emt 0:03:02]} Rc3+ {[%emt 0:00:16]} 41. Kf2 {[%emt 0:16:07]} Qxd4+ {[%emt 0:15:36]} 42. Kf1 {[%emt 0:00:00]} Qf4+ {[%emt 0:00:00]} 43. Kg1 {[%emt 0:00:00]} Rc1+ {[%emt 0:00:00]} 44. Kg2 {[%emt 0:00:00]} Qf1+ {[%emt 0:00:00]} 45. Kg3 {[%emt 0:00:00]} Rc3+ {[%emt 0:00:00]} 46. Kh4 {[%emt 0:00:00]} Qf4# 0-1

[Event "Bamberg-Open 2019"]
[Site "Bamberg"]
[Date "2019.06.01"]
[Round "5.20"]
[White "Haselbeck, Franz"]
[Black "Kunath, Tim"]
[Result "1/2-1/2"]
[WhiteElo "1867"]
[BlackElo "2103"]
[Annotator "ChessBase"]
[PlyCount "77"]
[EventDate "2019.05.12"]
[EventType "swiss"]
[EventCountry "GER"]
[SourceTitle "playchess.com"]
[Source "ChessBase"]
[SourceQuality "1"]
[TimeControl "40/5400+30:900+30"]

1. Nf3 {[%emt 0:00:00]} Nf6 {[%emt 0:00:00]} 2. g3 {[%emt 0:00:00]} b5 {[%emt 0:01:12]} 3. Bg2 {[%emt 0:00:41]} Bb7 {[%emt 0:03:21]} 4. O-O {[%emt 0:00:14]} e6 {[%emt 0:00:15]} 5. a4 {[%emt 0:00:17]} b4 {[%emt 0:06:30]} 6. d3 {[%emt 0:00:27]} Be7 {[%emt 0:00:31]} 7. e4 {[%emt 0:00:19]} O-O {[%emt 0:00:12]} 8. e5 {[%emt 0:06:46]} Ne8 {[%emt 0:00:12]} 9. Nbd2 {[%emt 0:00:51]} d6 {[%emt 0:01:09]} 10. Nc4 {[%emt 0:00:43]} a5 {[%emt 0:08:09]} 11. Be3 {[%emt 0:08:04]} Nd7 {[%emt 0:01:53]} 12. Re1 {[%emt 0:12:51]} Ra6 {[%emt 0:14:10]} 13. Qe2 {[%emt 0:02:56]} Bxf3 {[%emt 0:07:15]} 14. Bxf3 {[%emt 0:00:31]} d5 {[%emt 0:00:08]} 15. Nd2 {[%emt 0:01:57]} Nxe5 {[%emt 0:00:36]} 16. Bg2 {[%emt 0:06:54]} Ng6 {[%emt 0:06:57]} 17. d4 {[%emt 0:01:57]} Rb6 {[%emt 0:06:36]} 18. Nb3 {[%emt 0:03:10]} Qa8 {[%emt 0:01:04]} 19. h4 {[%emt 0:00:48]} Bd6 {[%emt 0:04:09]} 20. h5 {[%emt 0:02:16]} Ne7 {[%emt 0:00:08]} 21. h6 {[%emt 0:05:16]} Nf5 {[%emt 0:04:56]} 22. hxg7 {[%emt 0:02:19]} Nexg7 {[%emt 0:00:04]} 23. Bg5 {[%emt 0:07:51]} Be7 {[%emt 0:00:43]} 24. Bxe7 {[%emt 0:01:47]} Nxe7 {[%emt 0:00:04]} 25. Nc5 {[%emt 0:00:25]} Qd8 {[%emt 0:01:05]} 26. Qg4 {[%emt 0:01:31]} Ng6 {[%emt 0:01:26]} 27. f4 {[%emt 0:01:04]} Nf5 {[%emt 0:02:51]} 28. Rad1 {[%emt 0:01:42]} Qd6 {[%emt 0:01:01]} 29. Nb3 {[%emt 0:01:34]} Rc6 {[%emt 0:02:05]} 30. Rd2 {[%emt 0:01:31]} Rc4 {[%emt 0:00:21]} 31. Bf1 {[%emt 0:01:04]} Qb6 {[%emt 0:06:35]} 32. Bxc4 {[%emt 0:03:33]} dxc4 {[%emt 0:00:06]} 33. Nc5 {[%emt 0:06:48]} c3 {[%emt 0:10:20]} 34. bxc3 {[%emt 0:01:19]} bxc3 {[%emt 0:00:01]} 35. Rf2 {[%emt 0:00:59]} Rd8 {[%emt 0:00:34]} 36. Ne4 {[%emt 0:06:16]} Rxd4 {[%emt 0:02:46]} 37. Nf6+ {[%emt 0:00:09]} Kg7 {[%emt 0:00:24]} 38. Nh5+ {[%emt 0:00:17]} Kg8 39. Qf3 1/2-1/2

[Event "Bamberg-Open 2019"]
[Site "Bamberg"]
[Date "2019.06.01"]
[Round "5.21"]
[White "Waffenschmidt, Joachim"]
[Black "Troyke, Christian"]
[Result "0-1"]
[WhiteElo "1983"]
[BlackElo "2328"]
[Annotator "ChessBase"]
[PlyCount "80"]
[EventDate "2019.05.12"]
[EventType "swiss"]
[EventCountry "GER"]
[SourceTitle "playchess.com"]
[Source "ChessBase"]
[SourceQuality "1"]
[TimeControl "40/5400+30:900+30"]

1. d4 {[%emt 0:00:00]} g6 {[%emt 0:00:00]} 2. c4 {[%emt 0:00:00]} Nf6 {[%emt 0:00:00]} 3. Nc3 {[%emt 0:00:00]} Bg7 {[%emt 0:00:00]} 4. e4 {[%emt 0:00:00]} d6 {[%emt 0:00:01]} 5. Nf3 {[%emt 0:00:05]} O-O {[%emt 0:00:08]} 6. Be2 {[%emt 0:00:18]} c5 {[%emt 0:00:11]} 7. O-O {[%emt 0:01:07]} cxd4 {[%emt 0:00:06]} 8. Nxd4 {[%emt 0:00:03]} Nc6 {[%emt 0:00:07]} 9. Be3 {[%emt 0:00:27]} Bd7 {[%emt 0:00:06]} 10. Qd2 {[%emt 0:01:16]} Nxd4 {[%emt 0:00:10]} 11. Bxd4 {[%emt 0:00:08]} Bc6 {[%emt 0:00:05]} 12. Bd3 {[%emt 0:00:14]} a5 {[%emt 0:00:08]} 13. Rae1 {[%emt 0:00:53]} Nd7 {[%emt 0:03:56]} 14. Bxg7 {[%emt 0:00:10]} Kxg7 {[%emt 0:00:07]} 15. Re3 {[%emt 0:00:04]} h5 {[%emt 0:01:40]} 16. Nd5 {[%emt 0:09:40]} e5 {[%emt 0:04:16]} 17. Be2 {[%emt 0:13:53]} Bxd5 {[%emt 0:07:20]} 18. Qxd5 {[%emt 0:00:27]} Nc5 {[%emt 0:00:25]} 19. Rd1 {[%emt 0:02:08]} Ra6 {[%emt 0:00:11]} 20. b3 {[%emt 0:11:24]} Qe7 {[%emt 0:06:00]} 21. g3 {[%emt 0:09:28]} Rc8 {[%emt 0:06:54]} 22. Bf1 {[%emt 0:02:27]} Rcc6 {[%emt 0:14:10]} 23. Bh3 {[%emt 0:05:17]} Rcb6 {[%emt 0:01:57]} 24. Rb1 {[%emt 0:01:25]} Ra8 {[%emt 0:02:44]} 25. a3 {[%emt 0:01:41]} Rba6 {[%emt 0:02:42]} 26. Ree1 {[%emt 0:05:11]} a4 {[%emt 0:09:35]} 27. b4 {[%emt 0:01:55]} Nb3 {[%emt 0:02:52]} 28. Red1 {[%emt 0:02:32]} Rc6 {[%emt 0:03:18]} 29. Bf1 {[%emt 0:05:24]} Nd4 {[%emt 0:02:41]} 30. f4 {[%emt 0:02:56]} Qf6 {[%emt 0:08:44]} 31. Kh1 {[%emt 0:03:38]} h4 {[%emt 0:01:47]} 32. c5 {[%emt 0:07:02]} hxg3 {[%emt 0:03:20]} 33. hxg3 {[%emt 0:00:51]} dxc5 {[%emt 0:01:05]} 34. Qxe5 {[%emt 0:01:44]} Rh8+ {[%emt 0:00:16]} 35. Kg2 {[%emt 0:03:24]} Rh2+ {[%emt 0:00:06]} 36. Kxh2 {[%emt 0:00:04]} Nf3+ {[%emt 0:00:05]} 37. Kg2 {[%emt 0:01:28]} Nxe5 {[%emt 0:00:09]} 38. fxe5 {[%emt 0:00:02]} Qxe5 {[%emt 0:00:17]} 39. Re1 {[%emt 0:01:48]} cxb4 {[%emt 0:00:44]} 40. Rxb4 {[%emt 0:00:03]} Rc3 {[%emt 0:00:13]} 0-1

[Event "Bamberg-Open 2019"]
[Site "Bamberg"]
[Date "2019.06.01"]
[Round "5.22"]
[White "Promyshlyanskiy, Vitaliy"]
[Black "Mooser, Nicolas"]
[Result "1-0"]
[WhiteElo "2282"]
[BlackElo "2026"]
[Annotator "ChessBase"]
[PlyCount "73"]
[EventDate "2019.05.12"]
[EventType "swiss"]
[EventCountry "GER"]
[SourceTitle "playchess.com"]
[Source "ChessBase"]
[SourceQuality "1"]
[TimeControl "40/5400+30:900+30"]

1. e4 {[%emt 0:00:00]} c5 {[%emt 0:09:41]} 2. Nc3 {[%emt 0:00:00]} e6 {[%emt 0:00:20]} 3. Nge2 {[%emt 0:00:02]} a6 {[%emt 0:01:46]} 4. g3 {[%emt 0:00:13]} b5 {[%emt 0:01:26]} 5. Bg2 {[%emt 0:00:12]} Bb7 {[%emt 0:00:09]} 6. O-O {[%emt 0:00:08]} Nf6 {[%emt 0:07:47]} 7. d3 {[%emt 0:05:01]} d5 {[%emt 0:04:49]} 8. e5 {[%emt 0:01:09]} Nfd7 {[%emt 0:07:40]} 9. f4 {[%emt 0:00:32]} Be7 {[%emt 0:00:45]} 10. Kh1 {[%emt 0:24:35]} O-O {[%emt 0:08:08]} 11. d4 {[%emt 0:01:32]} Nc6 {[%emt 0:04:56]} 12. Be3 {[%emt 0:01:04]} cxd4 {[%emt 0:01:43]} 13. Nxd4 {[%emt 0:00:27]} Nxd4 {[%emt 0:00:17]} 14. Bxd4 {[%emt 0:00:12]} Qc7 {[%emt 0:02:50]} 15. Ne2 {[%emt 0:09:33]} Rac8 {[%emt 0:08:52]} 16. c3 {[%emt 0:01:47]} b4 {[%emt 0:01:00]} 17. cxb4 {[%emt 0:06:24]} Bxb4 {[%emt 0:00:33]} 18. Rc1 {[%emt 0:00:29]} Qa5 {[%emt 0:06:50]} 19. a3 {[%emt 0:01:22]} Be7 {[%emt 0:00:17]} 20. Nc3 {[%emt 0:02:45]} Rc4 {[%emt 0:04:22]} 21. Rf3 {[%emt 0:07:40]} Qc7 {[%emt 0:02:54]} 22. Bf1 {[%emt 0:06:48]} Bc5 {[%emt 0:04:02]} 23. Rd3 {[%emt 0:06:42]} Qb6 {[%emt 0:02:16]} 24. Na4 {[%emt 0:01:34]} Qb5 {[%emt 0:04:32]} 25. Nxc5 {[%emt 0:04:22]} Nxc5 {[%emt 0:00:32]} 26. Rdc3 {[%emt 0:05:13]} Na4 {[%emt 0:03:40]} 27. R3c2 {[%emt 0:00:34]} Rfc8 {[%emt 0:00:49]} 28. h3 {[%emt 0:06:40]} Rxc2 {[%emt 0:02:49]} 29. Rxc2 {[%emt 0:00:06]} Qa5 {[%emt 0:02:26]} 30. Rxc8+ {[%emt 0:01:03]} Bxc8 {[%emt 0:00:01]} 31. b4 {[%emt 0:00:09]} Qc7 {[%emt 0:02:11]} 32. Qxa4 {[%emt 0:00:10]} Bd7 {[%emt 0:00:06]} 33. Qa5 {[%emt 0:01:21]} Qc6 {[%emt 0:00:38]} 34. Qxa6 {[%emt 0:01:39]} Qc1 {[%emt 0:00:31]} 35. Qa8+ {[%emt 0:00:58]} Bc8 {[%emt 0:00:14]} 36. Kg1 {[%emt 0:00:08]} g6 {[%emt 0:00:59]} 37. Bc5 1-0

[Event "Bamberg-Open 2019"]
[Site "Bamberg"]
[Date "2019.06.01"]
[Round "5.23"]
[White "Schmidt, Justus"]
[Black "Minor, Viatcheslav"]
[Result "1/2-1/2"]
[WhiteElo "2153"]
[BlackElo "2032"]
[Annotator "ChessBase"]
[PlyCount "121"]
[EventDate "2019.05.12"]
[EventType "swiss"]
[EventCountry "GER"]
[SourceTitle "playchess.com"]
[Source "ChessBase"]
[SourceQuality "1"]
[TimeControl "40/5400+30:900+30"]

1. e4 {[%emt 0:00:00]} e6 {[%emt 0:00:00]} 2. d3 {[%emt 0:00:00]} d5 {[%emt 0:00:00]} 3. Nd2 {[%emt 0:00:00]} c5 {[%emt 0:00:11]} 4. Ngf3 {[%emt 0:00:00]} Nc6 {[%emt 0:00:22]} 5. g3 {[%emt 0:00:00]} Bd6 {[%emt 0:00:08]} 6. Bg2 {[%emt 0:00:00]} Nge7 {[%emt 0:00:07]} 7. O-O {[%emt 0:00:15]} O-O {[%emt 0:00:07]} 8. Nh4 {[%emt 0:01:28]} Bd7 {[%emt 0:00:19]} 9. f4 {[%emt 0:00:37]} f5 {[%emt 0:00:13]} 10. Re1 {[%emt 0:10:43]} Rc8 {[%emt 0:01:43]} 11. c3 {[%emt 0:08:07]} b6 {[%emt 0:04:58]} 12. Qe2 {[%emt 0:01:55]} b5 {[%emt 0:15:49]} 13. Nhf3 {[%emt 0:10:31]} h6 {[%emt 0:17:15]} 14. exd5 {[%emt 0:09:59]} Nxd5 {[%emt 0:04:19]} 15. c4 {[%emt 0:09:52]} Nc7 {[%emt 0:00:46]} 16. Nb3 {[%emt 0:01:36]} b4 {[%emt 0:05:51]} 17. Be3 {[%emt 0:01:29]} Na6 {[%emt 0:03:51]} 18. Rad1 {[%emt 0:01:15]} Re8 {[%emt 0:23:19]} 19. d4 {[%emt 0:07:33]} Bf8 {[%emt 0:05:46]} 20. Kh1 {[%emt 0:10:00]} Qc7 {[%emt 0:03:51]} 21. d5 {[%emt 0:02:48]} exd5 {[%emt 0:04:14]} 22. cxd5 {[%emt 0:00:04]} Ncb8 {[%emt 0:00:14]} 23. Qc4 {[%emt 0:04:22]} Qd6 {[%emt 0:00:10]} 24. Ne5 {[%emt 0:00:47]} Ba4 {[%emt 0:00:40]} 25. Rc1 {[%emt 0:05:53]} Nd7 {[%emt 0:00:38]} 26. Bf2 {[%emt 0:02:48]} Nab8 {[%emt 0:02:03]} 27. Nxd7 {[%emt 0:01:40]} Nxd7 {[%emt 0:00:13]} 28. Nd2 {[%emt 0:03:58]} a6 {[%emt 0:01:36]} 29. Qd3 {[%emt 0:00:19]} Qf6 {[%emt 0:00:28]} 30. Nc4 {[%emt 0:02:15]} Bb5 {[%emt 0:00:03]} 31. b3 {[%emt 0:00:38]} Kh8 {[%emt 0:02:06]} 32. Qc2 {[%emt 0:01:19]} Bxc4 {[%emt 0:01:23]} 33. Qxc4 {[%emt 0:00:29]} Rcd8 {[%emt 0:00:42]} 34. Rcd1 {[%emt 0:02:04]} Qd6 {[%emt 0:00:33]} 35. Qd3 {[%emt 0:01:25]} g6 {[%emt 0:00:47]} 36. Qc2 {[%emt 0:00:51]} Bg7 {[%emt 0:00:15]} 37. Qc4 {[%emt 0:00:46]} Bc3 {[%emt 0:00:22]} 38. Rxe8+ {[%emt 0:00:30]} Rxe8 {[%emt 0:00:01]} 39. a4 {[%emt 0:00:28]} Kg7 {[%emt 0:02:10]} 40. Bf3 {[%emt 0:00:08]} h5 {[%emt 0:01:07]} 41. Kg2 {[%emt 0:15:10]} Rc8 {[%emt 0:03:28]} 42. a5 {[%emt 0:00:00]} Re8 {[%emt 0:03:40]} 43. Be2 {[%emt 0:00:00]} Ra8 {[%emt 0:04:15]} 44. Bf1 {[%emt 0:00:00]} Kh7 {[%emt 0:02:42]} 45. Kg1 {[%emt 0:00:00]} Kg7 {[%emt 0:00:11]} 46. Rd3 {[%emt 0:00:00]} Re8 {[%emt 0:00:02]} 47. Re3 {[%emt 0:00:00]} Rxe3 {[%emt 0:00:30]} 48. Bxe3 {[%emt 0:00:00]} Qe7 {[%emt 0:01:19]} 49. Bf2 {[%emt 0:00:00]} Be1 {[%emt 0:01:10]} 50. Qxa6 {[%emt 0:01:40]} Bxf2+ {[%emt 0:00:29]} 51. Kxf2 {[%emt 0:00:07]} Nf6 {[%emt 0:01:26]} 52. Qe6 {[%emt 0:00:50]} Qa7 {[%emt 0:01:47]} 53. Qb6 {[%emt 0:01:29]} Qe7 {[%emt 0:00:06]} 54. Qe6 {[%emt 0:01:11]} Qa7 {[%emt 0:00:01]} 55. Bc4 {[%emt 0:02:20]} Ne4+ {[%emt 0:00:42]} 56. Ke3 {[%emt 0:00:18]} Qxa5 {[%emt 0:00:30]} 57. d6 {[%emt 0:00:08]} Qa1 {[%emt 0:00:19]} 58. Qg8+ {[%emt 0:00:46]} Kh6 {[%emt 0:00:08]} 59. Qf8+ {[%emt 0:00:05]} Kh7 {[%emt 0:00:26]} 60. Bg8+ {[%emt 0:00:11]} Kh8 {[%emt 0:00:20]} 61. Bf7+ {[%emt 0:00:06]} 1/2-1/2

[Event "Bamberg-Open 2019"]
[Site "Bamberg"]
[Date "2019.06.01"]
[Round "5.24"]
[White "Schreiter, Thomas"]
[Black "Korolev, Alexandr"]
[Result "1/2-1/2"]
[WhiteElo "1982"]
[BlackElo "2143"]
[Annotator "ChessBase"]
[PlyCount "89"]
[EventDate "2019.05.12"]
[EventType "swiss"]
[EventCountry "GER"]
[SourceTitle "playchess.com"]
[Source "ChessBase"]
[SourceQuality "1"]
[TimeControl "40/5400+30:900+30"]

1. d4 {[%emt 0:00:00]} d6 {[%emt 0:01:57]} 2. g3 {[%emt 0:00:22]} g6 {[%emt 0:00:15]} 3. Bg2 {[%emt 0:00:19]} Bg7 {[%emt 0:00:16]} 4. Nf3 {[%emt 0:00:38]} Nf6 {[%emt 0:00:30]} 5. O-O {[%emt 0:00:51]} O-O {[%emt 0:00:03]} 6. c4 {[%emt 0:01:12]} Nc6 {[%emt 0:06:19]} 7. Nc3 {[%emt 0:03:10]} a6 {[%emt 0:00:48]} 8. Re1 {[%emt 0:04:38]} Rb8 {[%emt 0:00:46]} 9. d5 {[%emt 0:08:38]} Ne5 {[%emt 0:00:15]} 10. Nxe5 {[%emt 0:01:10]} dxe5 {[%emt 0:00:04]} 11. b4 {[%emt 0:05:37]} Ne8 {[%emt 0:02:02]} 12. Qb3 {[%emt 0:05:16]} b5 {[%emt 0:03:08]} 13. c5 {[%emt 0:04:20]} e6 {[%emt 0:00:21]} 14. Rd1 {[%emt 0:01:54]} Qe7 {[%emt 0:02:47]} 15. Bb2 {[%emt 0:15:39]} Kh8 {[%emt 0:02:28]} 16. Rd2 {[%emt 0:08:00]} exd5 {[%emt 0:00:50]} 17. Nxd5 {[%emt 0:01:42]} Qe6 {[%emt 0:07:50]} 18. Qe3 {[%emt 0:04:17]} f5 {[%emt 0:05:49]} 19. f4 {[%emt 0:04:15]} e4 {[%emt 0:08:06]} 20. Bxg7+ {[%emt 0:02:10]} Kxg7 {[%emt 0:00:07]} 21. Qc3+ {[%emt 0:01:08]} Kf7 {[%emt 0:00:51]} 22. Rad1 {[%emt 0:04:48]} Qc6 {[%emt 0:08:35]} 23. g4 {[%emt 0:03:57]} Nf6 {[%emt 0:04:16]} 24. g5 {[%emt 0:03:44]} Nxd5 {[%emt 0:01:05]} 25. Rxd5 {[%emt 0:00:02]} Be6 {[%emt 0:03:24]} 26. Rd6 {[%emt 0:05:38]} cxd6 {[%emt 0:00:12]} 27. Qf6+ {[%emt 0:00:07]} Kg8 {[%emt 0:01:30]} 28. Qxe6+ {[%emt 0:00:03]} Rf7 {[%emt 0:02:59]} 29. Rxd6 {[%emt 0:01:42]} Qc7 {[%emt 0:04:51]} 30. e3 {[%emt 0:00:59]} Rd8 {[%emt 0:00:42]} 31. Rxd8+ {[%emt 0:02:21]} Qxd8 {[%emt 0:00:06]} 32. Bf1 {[%emt 0:01:32]} Qd2 {[%emt 0:14:42]} 33. Qe8+ {[%emt 0:01:24]} Rf8 {[%emt 0:00:28]} 34. Qe6+ {[%emt 0:00:21]} Rf7 {[%emt 0:00:51]} 35. Qe8+ {[%emt 0:00:03]} Kg7 {[%emt 0:07:24]} 36. Qe5+ {[%emt 0:01:45]} Kf8 {[%emt 0:00:05]} 37. Qb8+ {[%emt 0:01:10]} Ke7 {[%emt 0:01:00]} 38. Qe5+ {[%emt 0:02:26]} Kd7 {[%emt 0:00:30]} 39. c6+ {[%emt 0:01:05]} Kd8 {[%emt 0:02:54]} 40. Qb8+ {[%emt 0:00:30]} Ke7 {[%emt 0:00:10]} 41. Qb6 {[%emt 0:03:33]} Qc1 {[%emt 0:10:28]} 42. Qc7+ {[%emt 0:03:04]} Kf8 {[%emt 0:01:04]} 43. Qb8+ {[%emt 0:00:46]} Kg7 {[%emt 0:00:41]} 44. Qe5+ {[%emt 0:00:28]} Kg8 {[%emt 0:00:50]} 45. Qe8+ 1/2-1/2

[Event "Bamberg-Open 2019"]
[Site "Bamberg"]
[Date "2019.06.01"]
[Round "5.25"]
[White "Link, Klaus"]
[Black "Krauseneck, Peter"]
[Result "1/2-1/2"]
[WhiteElo "1959"]
[BlackElo "2136"]
[Annotator "ChessBase"]
[PlyCount "133"]
[EventDate "2019.05.12"]
[EventType "swiss"]
[EventCountry "GER"]
[SourceTitle "playchess.com"]
[Source "ChessBase"]
[SourceQuality "1"]
[TimeControl "40/5400+30:900+30"]

1. e4 {[%emt 0:00:00]} b6 {[%emt 0:00:09]} 2. d4 {[%emt 0:00:00]} Bb7 {[%emt 0:00:14]} 3. Bd3 {[%emt 0:00:03]} e6 {[%emt 0:00:02]} 4. Ne2 {[%emt 0:02:16]} g6 {[%emt 0:03:46]} 5. O-O {[%emt 0:00:44]} Bg7 {[%emt 0:00:12]} 6. c4 {[%emt 0:01:00]} Ne7 {[%emt 0:02:36]} 7. Nbc3 {[%emt 0:01:47]} d6 {[%emt 0:04:10]} 8. Be3 {[%emt 0:02:11]} Nd7 {[%emt 0:00:52]} 9. Rc1 {[%emt 0:00:39]} O-O {[%emt 0:00:34]} 10. Qd2 {[%emt 0:06:37]} e5 {[%emt 0:03:12]} 11. f4 {[%emt 0:04:18]} exd4 {[%emt 0:07:10]} 12. Bxd4 {[%emt 0:01:59]} Nc6 {[%emt 0:07:21]} 13. Bxg7 {[%emt 0:00:25]} Kxg7 {[%emt 0:00:02]} 14. Nd5 {[%emt 0:01:40]} f6 {[%emt 0:05:12]} 15. Bb1 {[%emt 0:01:30]} a5 {[%emt 0:02:09]} 16. Nec3 {[%emt 0:04:15]} Nc5 {[%emt 0:00:54]} 17. Nb5 {[%emt 0:04:34]} Rf7 {[%emt 0:01:48]} 18. Rce1 {[%emt 0:03:12]} Ba6 {[%emt 0:01:36]} 19. Nd4 {[%emt 0:02:07]} Qd7 {[%emt 0:05:21]} 20. b3 {[%emt 0:03:33]} Re8 {[%emt 0:03:44]} 21. h3 {[%emt 0:03:04]} Bb7 {[%emt 0:08:03]} 22. Nb5 {[%emt 0:01:29]} Qd8 {[%emt 0:00:31]} 23. Qb2 {[%emt 0:01:21]} Nb8 {[%emt 0:04:41]} 24. e5 {[%emt 0:06:18]} Bxd5 {[%emt 0:20:50]} 25. cxd5 {[%emt 0:04:16]} fxe5 {[%emt 0:00:39]} 26. fxe5 {[%emt 0:00:22]} Rxf1+ {[%emt 0:00:33]} 27. Kxf1 {[%emt 0:00:05]} Rxe5 {[%emt 0:00:39]} 28. Rxe5 {[%emt 0:01:51]} Qf6+ {[%emt 0:00:34]} 29. Kg1 {[%emt 0:00:39]} Qxe5 {[%emt 0:01:52]} 30. Qxe5+ {[%emt 0:00:40]} dxe5 {[%emt 0:00:01]} 31. Nxc7 {[%emt 0:00:24]} Kf7 {[%emt 0:00:58]} 32. Kf2 {[%emt 0:02:21]} Ke7 {[%emt 0:00:30]} 33. Ke3 {[%emt 0:02:26]} Nbd7 {[%emt 0:00:04]} 34. Nb5 {[%emt 0:01:09]} Nf6 {[%emt 0:00:24]} 35. Nc3 {[%emt 0:01:43]} Kd6 {[%emt 0:00:56]} 36. Be4 {[%emt 0:05:34]} Na6 {[%emt 0:03:50]} 37. Nb5+ {[%emt 0:11:40]} Kc5 {[%emt 0:02:03]} 38. a4 {[%emt 0:02:02]} Nxd5+ {[%emt 0:01:34]} 39. Bxd5 {[%emt 0:00:51]} Kxd5 {[%emt 0:00:02]} 40. Nc3+ {[%emt 0:01:50]} Ke6 {[%emt 0:00:23]} 41. Kd3 {[%emt 0:15:20]} Nc5+ {[%emt 0:17:18]} 42. Kc4 {[%emt 0:00:11]} Kf5 {[%emt 0:00:39]} 43. Nd5 {[%emt 0:00:56]} Nd7 {[%emt 0:00:45]} 44. b4 {[%emt 0:00:54]} axb4 {[%emt 0:00:40]} 45. Kxb4 {[%emt 0:00:19]} e4 {[%emt 0:00:07]} 46. g4+ {[%emt 0:00:19]} Ke5 {[%emt 0:00:20]} 47. Kc4 {[%emt 0:00:04]} g5 {[%emt 0:00:43]} 48. Ne3 {[%emt 0:00:38]} Kf4 {[%emt 0:06:06]} 49. Kd4 {[%emt 0:00:30]} h6 {[%emt 0:00:00]} 50. Nc4 {[%emt 0:00:00]} Kg3 {[%emt 0:00:00]} 51. Kxe4 {[%emt 0:00:00]} Nc5+ {[%emt 0:00:00]} 52. Kd5 {[%emt 0:00:00]} Nxa4 {[%emt 0:00:00]} 53. Kc6 {[%emt 0:00:00]} Kxh3 {[%emt 0:00:00]} 54. Ne5 {[%emt 0:00:00]} Kg3 {[%emt 0:00:00]} 55. Nf7 {[%emt 0:00:00]} Kxg4 {[%emt 0:00:00]} 56. Nxh6+ {[%emt 0:00:00]} Kf4 {[%emt 0:00:00]} 57. Kb5 {[%emt 0:00:00]} Nc3+ {[%emt 0:00:00]} 58. Kxb6 {[%emt 0:00:00]} Nd5+ {[%emt 0:00:00]} 59. Kc5 {[%emt 0:00:00]} Ne3 {[%emt 0:00:00]} 60. Ng8 {[%emt 0:00:00]} Kf5 {[%emt 0:02:06]} 61. Kd4 {[%emt 0:00:21]} Kf4 {[%emt 0:02:28]} 62. Nf6 {[%emt 0:01:28]} Nf5+ {[%emt 0:01:16]} 63. Kd3 {[%emt 0:00:13]} Nd6 {[%emt 0:00:32]} 64. Nh5+ {[%emt 0:01:43]} Kf3 {[%emt 0:00:35]} 65. Nf6 {[%emt 0:00:17]} Ne8 {[%emt 0:00:52]} 66. Nxe8 {[%emt 0:03:08]} g4 {[%emt 0:00:03]} 67. Ng7 {[%emt 0:00:05] Ke4+ Kd4+} 1/2-1/2

[Event "Bamberg-Open 2019"]
[Site "Bamberg"]
[Date "2019.06.01"]
[Round "5.26"]
[White "Miettinen, Teemu"]
[Black "Sukaylo, Aleksey"]
[Result "0-1"]
[WhiteElo "2017"]
[BlackElo "2097"]
[Annotator "NA"]
[PlyCount "56"]
[EventDate "2019.05.12"]
[EventType "swiss"]
[EventCountry "GER"]
[SourceTitle "playchess.com"]
[Source "ChessBase"]
[SourceQuality "1"]
[TimeControl "40/5400+30:900+30"]

1. e4 {[%emt 0:00:00]} e5 {[%emt 0:00:00]} 2. Nf3 {[%emt 0:00:00]} Nc6 {[%emt 0:00:00]} 3. d4 {[%emt 0:00:00]} exd4 {[%emt 0:00:00]} 4. Nxd4 {[%emt 0:00:00]} Nf6 {[%emt 0:00:00]} 5. Nc3 {[%emt 0:00:41]} Bb4 {[%emt 0:00:09]} 6. Nxc6 {[%emt 0:00:13]} bxc6 {[%emt 0:00:06]} 7. Bd3 {[%emt 0:00:08]} d5 {[%emt 0:00:08]} 8. exd5 {[%emt 0:00:04]} Qe7+ {[%emt 0:00:13]} 9. Qe2 {[%emt 0:00:05]} Qxe2+ {[%emt 0:00:11]} 10. Kxe2 {[%emt 0:01:21]} cxd5 {[%emt 0:05:52]} 11. Nb5 {[%emt 0:08:01]} Kd8 {[%emt 0:00:14]} 12. Bf4 {[%emt 0:01:38]} Re8+ {[%emt 0:15:23]} 13. Kd1 {[%emt 0:03:03]} Ba5 {[%emt 0:00:26]} 14. b4 {[%emt 0:06:14]} Bb6 {[%emt 0:05:03]} 15. c4 $19 {[%emt 0:06:05]} (15. f3 $11 {and White has nothing to worry.}) 15... dxc4 {[%emt 0:06:04]} 16. Bxc4 {[%emt 0:00:13]} Re4 {[%emt 0:01:32]} 17. Bxc7+ {[%emt 0:16:33]} Bxc7 {[%emt 0:00:19]} 18. Nxc7 {[%emt 0:00:19]} Kxc7 {[%emt 0:00:56]} 19. Bxf7 {[%emt 0:03:03]} Ba6 {[%emt 0:01:33]} 20. Rb1 {[%emt 0:08:33]} Rd8+ {[%emt 0:01:19]} 21. Kc1 {[%emt 0:00:01]} Re2 {[%emt 0:00:46]} 22. b5 {[%emt 0:01:09]} Bb7 {[%emt 0:00:14]} 23. Rb3 {[%emt 0:04:25]} Rxf2 {[%emt 0:02:10]} 24. Re1 {[%emt 0:00:02]} Be4 {[%emt 0:01:50]} 25. Rc3+ {[%emt 0:01:03]} Kb8 {[%emt 0:00:25]} 26. a4 {[%emt 0:00:42]} Rdd2 {[%emt 0:00:59]} 27. Bb3 {[%emt 0:00:02]} Rb2 {[%emt 0:01:03]} 28. h3 {[%emt 0:01:50]} Rb1# {[%emt 0:00:47]} 0-1